[Event "January TNT"]
[Site "Winnipeg CAN"]
[Date "2018.01.16"]
[Round "2"]
[White "Piche, Zachary"]
[Black "Furda, Ievgeniia-Diana"]
[Result "0-1"]
[WhiteElo "1344"]
[BlackElo "1597"]
[PlyCount "64"]
[EventDate "2018.01.09"]
[EventType "swiss"]
[EventRounds "4"]
[EventCountry "CAN"]

1. Nf3 Nf6 2. c4 g6 3. g3 Bg7 4. Bg2 d6 5. O-O O-O 6. d4 Nbd7 7. Bf4 Nb6 8. Qc2
Bf5 9. Qb3 d5 10. Nbd2 dxc4 11. Nxc4 Be6 12. d5 Bxd5 13. Rfd1 Nxc4 14. Qc2 Nd6
15. Bg5 Bc6 16. Qc1 Ba4 17. Re1 Qd7 18. Bh6 Qc6 19. Qxc6 Bxc6 20. Bxg7 Kxg7 21.
Rac1 Rad8 22. Ne5 Bxg2 23. Kxg2 c6 24. Rc3 Nb5 25. Rb3 Nd7 26. Nc4 Nc5 27. Rb4
Rd4 28. e3 Rd5 29. a4 Nd3 30. Rxb5 Nxe1+ 31. Kf1 cxb5 32. Kxe1 bxc4 0-1

[Event "January TNT"]
[Site "Winnipeg CAN"]
[Date "2018.01.16"]
[Round "2"]
[White "Viznytsya, Yevhen"]
[Black "Wirtzfeld, Ryan"]
[Result "1/2-1/2"]
[WhiteElo "1613"]
[BlackElo "1334"]
[PlyCount "56"]
[EventDate "2018.01.09"]
[EventType "swiss"]
[EventRounds "4"]
[EventCountry "CAN"]

1. d4 Nf6 2. Nf3 g6 3. e3 Bg7 4. c4 d6 5. Nc3 Nbd7 6. Bd3 e5 7. O-O O-O 8. d5
Re8 9. e4 Nc5 10. b3 Nxd3 11. Qxd3 Bg4 12. Bb2 Nh5 13. h3 Nf4 14. Qd1 Bxf3 15.
Qxf3 Qg5 16. Kh2 Qh5 17. Qxh5 Nxh5 18. g3 Re7 19. c5 a6 20. a4 b6 21. c6 f5 22.
f3 Rf7 23. Ne2 Raf8 24. Kg2 fxe4 25. fxe4 Rxf1 26. Rxf1 Rxf1 27. Kxf1 Bh6 28.
Kf2 Bd2 1/2-1/2

[Event "January TNT"]
[Site "Winnipeg CAN"]
[Date "2018.01.16"]
[Round "2"]
[White "Wolchock, Theo"]
[Black "Goodman, Clifford"]
[Result "1-0"]
[WhiteElo "2034"]
[BlackElo "1670"]
[PlyCount "49"]
[EventDate "2018.01.09"]
[EventType "swiss"]
[EventRounds "4"]
[EventCountry "CAN"]

1. c4 c5 2. g3 d5 3. cxd5 Qxd5 4. Nf3 Nf6 5. Nc3 Qd8 6. Bg2 g6 7. O-O Bg7 8. d4
cxd4 9. Nxd4 O-O 10. e3 a6 11. b3 Qc7 12. Bb2 Rd8 13. Qc2 Bd7 14. Rac1 Bc6 15.
Nce2 e5 16. Nxc6 Nxc6 17. Rfd1 Ne8 18. Nc3 Nb4 19. Qe4 Nc6 20. Nd5 Qa5 21. Qb1
Nc7 22. Bc3 Qc5 23. Nxc7 Rxd1+ 24. Rxd1 Qxc3 25. Nxa8 1-0

[Event "January TNT"]
[Site "Winnipeg CAN"]
[Date "2018.01.23"]
[Round "3"]
[White "Babb, Jeff"]
[Black "Wolchock, Theo"]
[Result "1-0"]
[WhiteElo "2205"]
[BlackElo "2034"]
[PlyCount "137"]
[EventDate "2018.01.09"]
[EventType "swiss"]
[EventRounds "4"]
[EventCountry "CAN"]

1. f4 b5 2. Nf3 Bb7 3. e3 b4 4. a3 a5 5. axb4 axb4 6. Rxa8 Bxa8 7. c3 e6 8.
cxb4 Bxb4 9. Qa4 Bxf3 10. gxf3 Be7 11. Nc3 Nf6 12. b3 O-O 13. Bd3 d5 14. Ne2
Nbd7 15. Ba3 Bxa3 16. Qxa3 Qa8 17. Qb2 Rb8 18. Rg1 Qb7 19. Bc2 c5 20. Kf2 c4
21. Nd4 Kh8 22. Qa3 Nb6 23. Rb1 Qc7 24. Nb5 Qd7 25. Qd6 Qd8 26. Qxd8+ Rxd8 27.
Nd4 Ne8 28. f5 exf5 29. Bxf5 g6 30. Bh3 Nd6 31. Bf1 Ra8 32. bxc4 Nbxc4 33. d3
Ra2+ 34. Be2 Ne5 35. Ke1 Kg7 36. f4 Nd7 37. Rc1 Ne8 38. h3 Nef6 39. Kf2 Ra3 40.
Rc7 Ra2 41. Nf3 Rb2 42. Ne5 Nxe5 43. fxe5 Ne8 44. Rc5 Ra2 45. Rxd5 Nc7 46. Rd7
Ne6 47. h4 Nc5 48. Rd5 Nb3 49. Kf3 Nc1 50. Bf1 Rh2 51. Kg3 Rh1 52. Bg2 Re1 53.
Kf2 Rd1 54. d4 Rd2+ 55. Kf3 Nd3 56. Bh3 Ne1+ 57. Kg3 Re2 58. Bf1 Rxe3+ 59. Kf2
Re4 60. Rd7 Nc2 61. Bc4 Nxd4 62. Rxf7+ Kh6 63. Rd7 Rxe5 64. Rxd4 g5 65. Rd6+
Kh5 66. Be2+ g4 67. Rd4 Kxh4 68. Rxg4+ Kh3 69. Rf4 1-0

[Event "January TNT"]
[Site "Winnipeg CAN"]
[Date "2018.01.23"]
[Round "3"]
[White "Czypinski, Jaroslaw"]
[Black "Letain, Cory"]
[Result "1-0"]
[WhiteElo "1933"]
[BlackElo "1686"]
[PlyCount "86"]
[EventDate "2018.01.09"]
[EventType "swiss"]
[EventRounds "4"]
[EventCountry "CAN"]

1. e4 e5 2. Nf3 Nf6 3. Nc3 Bb4 4. a3 Bxc3 5. dxc3 h6 6. Nxe5 O-O 7. Bc4 Qe7 8.
Bxf7+ Rxf7 9. Nxf7 Qxe4+ 10. Be3 Kxf7 11. Qd2 Nc6 12. O-O-O d6 13. f3 Qg6 14.
g4 Ne5 15. Qf2 Bd7 16. h4 Kg8 17. g5 hxg5 18. Bxg5 Qf5 19. f4 Nf7 20. Rde1 Nxg5
21. hxg5 Nd5 22. Rh4 Re8 23. Reh1 Re4 24. Rh8+ Kf7 25. Qh4 Qxf4+ 26. Qxf4+ Rxf4
27. g6+ Kxg6 28. Rg1+ Rg4 29. Re1 Kf5 30. Rf8+ Nf6 31. Rf7 Re4 32. Rg1 Rg4 33.
Rxg4 Kxg4 34. Rxg7+ Kf3 35. Rf7 Ke4 36. Rxf6 Ke5 37. Rf7 Ke6 38. Rg7 a5 39. Kd2
b5 40. Ke3 c5 41. Kf4 Bc6 42. Ra7 a4 43. Ke3 Kd5 1-0

[Event "January TNT"]
[Site "Winnipeg CAN"]
[Date "2018.01.23"]
[Round "3"]
[White "Furda, Ievgeniia-Diana"]
[Black "Piche, Jeremie"]
[Result "0-1"]
[WhiteElo "1597"]
[BlackElo "1625"]
[PlyCount "90"]
[EventDate "2018.01.09"]
[EventType "swiss"]
[EventRounds "4"]
[EventCountry "CAN"]

1. e4 c5 2. Nf3 d6 3. d4 cxd4 4. Nxd4 Nf6 5. Nc3 a6 6. Be3 e5 7. Nb3 Be7 8. Be2
O-O 9. O-O Be6 10. Bf3 Nbd7 11. h3 b5 12. a3 Nb6 13. Qc1 Nc4 14. Rb1 Nxe3 15.
Qxe3 Nd7 16. Rbd1 Nb6 17. Na5 Rc8 18. Bg4 Nc4 19. Nxc4 Rxc4 20. Bxe6 fxe6 21.
Rd2 Bg5 22. Qe2 Bxd2 23. Qxd2 Qb6 24. Qg5 Qd8 25. Qg4 Qf6 26. Qg3 Qf4 27. Qxf4
exf4 28. Rd1 Rd8 29. Rd3 Kf7 30. Rf3 e5 31. Rd3 Ke6 32. Kf1 Rdc8 33. Ke2 b4 34.
axb4 Rxb4 35. b3 g5 36. Kd2 h5 37. Nd5 Rxe4 38. Nb6 Rc6 39. Nc4 d5 40. Na5 Rb6
41. c4 Rd4 42. Rxd4 exd4 43. cxd5+ Kxd5 44. Kd3 Rb5 45. Nc4 Rxb3+ 0-1

[Event "January TNT"]
[Site "Winnipeg CAN"]
[Date "2018.01.23"]
[Round "3"]
[White "Le Dorze, Phil"]
[Black "Gannon, Keith"]
[Result "1-0"]
[WhiteElo "1836"]
[BlackElo "1462"]
[PlyCount "73"]
[EventDate "2018.01.09"]
[EventType "swiss"]
[EventRounds "4"]
[EventCountry "CAN"]

1. d4 d5 2. c4 e6 3. Nf3 Nf6 4. Bf4 b6 5. Nc3 Bb7 6. h3 c5 7. Nb5 Na6 8. Qa4
Nd7 9. Bd6 Be7 10. e3 O-O 11. cxd5 exd5 12. a3 Bxd6 13. Nxd6 Qc7 14. Nxb7 Qxb7
15. Bxa6 Qc7 16. O-O cxd4 17. Qxd4 Qc5 18. Rac1 Qxd4 19. Nxd4 Nc5 20. Be2 Rac8
21. b4 Ne6 22. Bg4 Rxc1 23. Rxc1 Nxd4 24. exd4 Rd8 25. Rc7 a5 26. bxa5 bxa5 27.
Bf3 g5 28. Rc5 Kg7 29. Rxa5 f5 30. Rxd5 Rxd5 31. Bxd5 h5 32. a4 g4 33. a5 gxh3
34. gxh3 Kf6 35. a6 h4 36. a7 f4 37. a8=Q 1-0

[Event "January TNT"]
[Site "Winnipeg CAN"]
[Date "2018.01.23"]
[Round "3"]
[White "Myrzaibraimova, Aibike"]
[Black "Viznytsya, Yevhen"]
[Result "1/2-1/2"]
[WhiteElo "1539"]
[BlackElo "1613"]
[PlyCount "71"]
[EventDate "2018.01.09"]
[EventType "swiss"]
[EventRounds "4"]
[EventCountry "CAN"]

1. e4 Nc6 2. Nf3 e5 3. Bb5 d6 4. Nc3 Bd7 5. Nd5 Nf6 6. Nxf6+ Qxf6 7. d3 h6 8.
O-O Be7 9. Be3 g5 10. Bxc6 Bxc6 11. Nd2 h5 12. f3 h4 13. h3 b6 14. d4 exd4 15.
Bf2 Qg7 16. Nb3 Bb5 17. Bxd4 Bf6 18. Re1 Be5 19. Bxe5 Qxe5 20. Qd5 Qxd5 21.
exd5+ Kd7 22. Re4 Rhe8 23. Rae1 Rxe4 24. Rxe4 Re8 25. Rxe8 Kxe8 26. Nd2 f5 27.
c4 Ba6 28. a4 Kf7 29. Kf2 Kf6 30. Ke3 Ke5 31. b3 Bb7 32. Nb1 c6 33. dxc6 Bxc6
34. Nc3 a6 35. b4 g4 36. f4+ 1/2-1/2

[Event "January TNT"]
[Site "Winnipeg CAN"]
[Date "2018.01.23"]
[Round "3"]
[White "Piche, Zachary"]
[Black "Magyar, Peter"]
[Result "0-1"]
[WhiteElo "1344"]
[BlackElo "1506"]
[PlyCount "52"]
[EventDate "2018.01.09"]
[EventType "swiss"]
[EventRounds "4"]
[EventCountry "CAN"]

1. Nf3 Nf6 2. c4 c5 3. g3 e6 4. Bg2 Be7 5. O-O d6 6. d3 O-O 7. Nc3 a6 8. Bd2
Nbd7 9. Qb3 Rb8 10. e3 h6 11. d4 cxd4 12. exd4 b6 13. Bf4 Nh5 14. Be3 Bb7 15.
Ne2 b5 16. cxb5 axb5 17. Qxb5 Bxf3 18. Qd3 Bxg2 19. Kxg2 Rxb2 20. Qc3 Qa8+ 21.
Kg1 Rxe2 22. Qc7 Nhf6 23. Bf4 Rxa2 24. Rxa2 Qxa2 25. Bxd6 Bxd6 26. Qxd6 Qa8 0-1

[Event "January TNT"]
[Site "Winnipeg CAN"]
[Date "2018.01.23"]
[Round "3"]
[White "Remillard, John"]
[Black "Evans, Jason"]
[Result "1-0"]
[WhiteElo "1619"]
[BlackElo "1675"]
[PlyCount "49"]
[EventDate "2018.01.09"]
[EventType "swiss"]
[EventRounds "4"]
[EventCountry "CAN"]

1. Nf3 d5 2. e3 Nf6 3. c4 e6 4. cxd5 exd5 5. Bb5+ c6 6. Ba4 Bf5 7. Nd4 Bg6 8.
Nc3 Bc5 9. Nde2 O-O 10. d4 Bd6 11. Bc2 Bxc2 12. Qxc2 Re8 13. O-O Qc7 14. Ng3
Nbd7 15. f4 Bb4 16. a3 Bxc3 17. Qxc3 h5 18. Qd3 h4 19. Nf5 h3 20. Rf3 hxg2 21.
Rg3 Ne4 22. Rxg7+ Kh8 23. Qe2 Ndf6 24. Qxg2 Nh7 25. Rxh7+ 1-0

[Event "January TNT"]
[Site "Winnipeg CAN"]
[Date "2018.01.23"]
[Round "3"]
[White "Wirtzfeld, Ryan"]
[Black "Myrzaibraimov, Azamat"]
[Result "0-1"]
[WhiteElo "1334"]
[BlackElo "1447"]
[PlyCount "46"]
[EventDate "2018.01.09"]
[EventType "swiss"]
[EventRounds "4"]
[EventCountry "CAN"]

1. c4 e5 2. g3 Nc6 3. Bg2 Nf6 4. Nc3 Bb4 5. e4 O-O 6. Nge2 a6 7. d3 h6 8. O-O
d6 9. a3 Ba5 10. f4 Ng4 11. Nd5 Ne7 12. Qa4 Bb6+ 13. Nxb6 cxb6 14. h3 Nf6 15.
fxe5 dxe5 16. Qc2 Nc6 17. Qb3 Qc7 18. Rf2 Nd7 19. Qc2 Nc5 20. Be3 Ne6 21. Raf1
Ned4 22. Nxd4 Nxd4 23. Bxd4 exd4 0-1

[Event "January TNT"]
[Site "Winnipeg CAN"]
[Date "2018.01.30"]
[Round "4"]
[White "Remillard, John"]
[Black "Babb, Jeff"]
[Result "0-1"]
[WhiteElo "1619"]
[BlackElo "2205"]
[PlyCount "70"]
[EventDate "2018.01.09"]
[EventType "swiss"]
[EventRounds "4"]
[EventCountry "CAN"]

1. Nf3 d5 2. e3 Nf6 3. c4 g6 4. d4 Bg7 5. cxd5 Nxd5 6. Bc4 O-O 7. Nc3 c6 8. O-O
Nxc3 9. bxc3 Qa5 10. Qb3 Nd7 11. Ng5 Qxg5 12. e4 Qa5 13. Ba3 c5 14. Rad1 Qb6
15. e5 Qxb3 16. Bxb3 e6 17. f4 b6 18. d5 Nb8 19. d6 Bd7 20. c4 Nc6 21. Ba4 Nxe5
22. Bxd7 Nxd7 23. g4 Rad8 24. Bc1 Bd4+ 25. Kg2 Nb8 26. f5 exf5 27. gxf5 Rxd6
28. Bf4 Rd7 29. fxg6 hxg6 30. Rf3 Re8 31. Bxb8 Rxb8 32. Rdf1 Re8 33. a3 Re2+
34. Kh3 f5 35. Rg3 Rh7# 0-1

[Event "January TNT"]
[Site "Winnipeg CAN"]
[Date "2018.01.30"]
[Round "4.2"]
[White "Wolchock, Theo"]
[Black "Czypinski, Jaroslaw"]
[Result "1/2-1/2"]
[WhiteElo "2054"]
[BlackElo "1933"]
[PlyCount "82"]
[EventDate "2018.01.09"]
[EventType "swiss"]
[EventRounds "4"]
[EventCountry "CAN"]

1. c4 b6 2. g3 Bb7 3. Nf3 Nf6 4. Bg2 e6 5. d4 Be7 6. Nc3 O-O 7. O-O Ne4 8. Qc2
Nxc3 9. bxc3 d6 10. e4 Nd7 11. Re1 Re8 12. Ba3 e5 13. Rad1 Bf8 14. c5 exd4 15.
cxd4 bxc5 16. dxc5 Ne5 17. Nxe5 Rxe5 18. f4 Re8 19. c6 Bc8 20. e5 Bg4 21. Rb1
dxe5 22. Bxf8 Qd4+ 23. Qf2 Kxf8 24. Rxe5 Qxf2+ 25. Kxf2 Rxe5 26. fxe5 Ke7 27.
Rb7 Kd8 28. Ke3 Bc8 29. Rb4 Ke7 30. Bf1 a5 31. Ra4 Bf5 32. Rf4 Be6 33. a4 Rd8
34. Rd4 Rd5 35. Ke4 Rc5 36. Bb5 f6 37. exf6+ gxf6 38. h4 Re5+ 39. Kf4 Rf5+ 40.
Ke4 Re5+ 41. Kf4 Rf5+ 1/2-1/2

[Event "January TNT"]
[Site "Winnipeg CAN"]
[Date "2018.01.30"]
[Round "4.3"]
[White "Piche, Jeremie"]
[Black "Green, Jim"]
[Result "0-1"]
[WhiteElo "1625"]
[BlackElo "1930"]
[PlyCount "100"]
[EventDate "2018.01.09"]
[EventType "swiss"]
[EventRounds "4"]
[EventCountry "CAN"]

1. e4 e5 2. Nf3 Nf6 3. d3 Nc6 4. g3 h6 5. Bg2 Bc5 6. O-O d6 7. h3 O-O 8. Nc3 a6
9. Nh4 Be6 10. Nf5 Bxf5 11. exf5 d5 12. Ne2 Re8 13. Be3 Bxe3 14. fxe3 Ne7 15.
c4 c6 16. Qb3 Qd7 17. g4 Rad8 18. Rad1 Qc7 19. Qc2 Rd7 20. e4 dxc4 21. dxc4
Red8 22. Kh1 Qa5 23. Rxd7 Rxd7 24. Rd1 Qd8 25. Rxd7 Qxd7 26. Ng1 c5 27. Nf3 Nc6
28. Qd2 Qxd2 29. Nxd2 Nd4 30. Nf3 Nd7 31. Kg1 f6 32. Kf2 Nb8 33. Nxd4 cxd4 34.
c5 Nd7 35. b4 Nb8 36. Bf1 Kf8 37. Bc4 Ke7 38. Bd5 Nc6 39. Bxc6 bxc6 40. a4 a5
41. b5 cxb5 42. axb5 Kd7 43. Ke2 a4 44. Kd2 a3 45. b6 Kc6 46. Kc2 d3+ 47. Kxd3
a2 48. Kc4 a1=Q 49. b7 Qd4+ 50. Kb3 Kxb7 0-1

[Event "January TNT"]
[Site "Winnipeg CAN"]
[Date "2018.01.30"]
[Round "4.4"]
[White "Magyar, Peter"]
[Black "Goodman, Clifford"]
[Result "0-1"]
[WhiteElo "1501"]
[BlackElo "1670"]
[PlyCount "72"]
[EventDate "2018.01.09"]
[EventType "swiss"]
[EventRounds "4"]
[EventCountry "CAN"]

1. d4 Nf6 2. Bf4 c5 3. c3 g6 4. e3 Bg7 5. Be2 O-O 6. h3 cxd4 7. cxd4 d5 8. Nf3
Nc6 9. a3 Qa5+ 10. b4 Nxb4 11. O-O Bf5 12. Qe1 Nc6 13. Nbd2 Ne4 14. Nb3 Qxe1
15. Rfxe1 Nc3 16. Bf1 a5 17. Nbd2 b5 18. Bc7 Rfc8 19. Bb6 Na4 20. Bc5 Nxc5 21.
dxc5 b4 22. Ra2 e5 23. e4 dxe4 24. Nxe4 Nd4 25. Nfd2 bxa3 26. Re3 Bxe4 27. Nxe4
f5 28. Nd6 Rxc5 29. Bc4+ Kf8 30. Bf1 Rd8 31. Nc4 Rb8 32. Nxa3 Rc1 33. Nc4 Bh6
34. Rxe5 Rbb1 35. Raxa5 Rxf1+ 36. Kh2 Bf4+ 0-1

[Event "January TNT"]
[Site "Winnipeg CAN"]
[Date "2018.01.30"]
[Round "4.5"]
[White "Letain, Cory"]
[Black "Trueman, Francis"]
[Result "1-0"]
[WhiteElo "1686"]
[BlackElo "1498"]
[PlyCount "93"]
[EventDate "2018.01.09"]
[EventType "swiss"]
[EventRounds "4"]
[EventCountry "CAN"]

1. d4 d6 2. c4 Nd7 3. Nc3 e5 4. e4 Ngf6 5. Be2 g6 6. g4 exd4 7. Qxd4 Ne5 8. g5
Nc6 9. Qxf6 Qxf6 10. gxf6 Nd4 11. Kd2 Be6 12. Kd3 Nc6 13. Nd5 Kd7 14. f4 Re8
15. Nf3 Nd8 16. e5 c6 17. Nc3 Bf5+ 18. Kd2 Bh6 19. Kd1 Kc8 20. Re1 Ne6 21. exd6
Nxf4 22. Bxf4 Bxf4 23. a4 Bxd6 24. a5 Bf4 25. a6 Rd8+ 26. Nd5 b6 27. Ra4 cxd5
28. c5 d4 29. cxb6 axb6 30. a7 Kb7 31. Nh4 Bd7 32. Bf3+ Kc7 33. a8=Q Rxa8 34.
Rxa8 Rxa8 35. Bxa8 Ba4+ 36. Ke2 Bg5 37. Nf3 Bxf6 38. Rc1+ Kd6 39. Be4 Bb5+ 40.
Bd3 Bc6 41. b4 g5 42. b5 Bd5 43. Bxh7 g4 44. Nd2 Ke5 45. Nc4+ Kf4 46. Rf1+ Kg5
47. Rf5+ 1-0

[Event "January TNT"]
[Site "Winnipeg CAN"]
[Date "2018.01.30"]
[Round "4.6"]
[White "Gannon, Keith"]
[Black "Myrzaibraimov, Azamat"]
[Result "0-1"]
[WhiteElo "1462"]
[BlackElo "1447"]
[PlyCount "98"]
[EventDate "2018.01.09"]
[EventType "swiss"]
[EventRounds "4"]
[EventCountry "CAN"]

1. e4 d5 2. e5 d4 3. Nf3 Bg4 4. d3 Nc6 5. Be2 Qd5 6. Bf4 e6 7. c3 h6 8. O-O g5
9. Bg3 Bg7 10. Nxd4 Nxd4 11. Bxg4 Nc6 12. Bf3 Qd7 13. d4 Nge7 14. h3 f5 15.
Bh5+ Kd8 16. f4 Na5 17. Nd2 Nd5 18. Qe2 Ke7 19. Nc4 Nxc4 20. Qxc4 Ne3 21. Qc5+
Kd8 22. Rf2 Bf8 23. Qa5 Nc4 24. Qb4 Bxb4 25. cxb4 c6 26. Rd1 Nb6 27. b3 a6 28.
a4 Nd5 29. b5 axb5 30. axb5 Nc3 31. Rd3 Nxb5 32. Bf3 Nc7 33. Rfd2 Kc8 34. Kf1
Ra3 35. Bd1 Nd5 36. fxg5 hxg5 37. Bf2 Qg7 38. Kg1 Kc7 39. Kf1 Rha8 40. h4 Ra2
41. hxg5 Nf4 42. Rxa2 Rxa2 43. Rf3 Ng6 44. b4 Qh7 45. Rh3 Qd7 46. Bb3 Ra1+ 47.
Be1 Qxd4 48. Bxe6 Qf4+ 49. Rf3 Qxe5 0-1

[Event "January TNT"]
[Site "Winnipeg CAN"]
[Date "2018.01.30"]
[Round "4.7"]
[White "Evans, Jason"]
[Black "Myrzaibraimova, Aibike"]
[Result "1-0"]
[WhiteElo "1675"]
[BlackElo "1539"]
[PlyCount "71"]
[EventDate "2018.01.09"]
[EventType "swiss"]
[EventRounds "4"]
[EventCountry "CAN"]

1. e4 e5 2. Nf3 Nc6 3. Bc4 Bc5 4. b4 Bxb4 5. c3 Ba5 6. Qb3 Qe7 7. O-O d6 8. d4
Nf6 9. d5 Nb8 10. Qa4+ Nbd7 11. Qxa5 b6 12. Qa4 Nxe4 13. Bb5 a6 14. Bxd7+ Bxd7
15. Qxe4 O-O 16. Be3 f5 17. Qc2 e4 18. Nd4 f4 19. Bc1 Rae8 20. c4 Qg5 21. Re1
Qg6 22. f3 exf3 23. Qxg6 hxg6 24. Nxf3 Rxe1+ 25. Nxe1 g5 26. Nc3 Re8 27. Bd2
Bf5 28. Nf3 g4 29. Nd4 Bd3 30. Bxf4 Bxc4 31. Kf2 b5 32. a3 Kf7 33. Re1 Rxe1 34.
Kxe1 Kf6 35. Kf2 g5 36. Bg3 1-0

[Event "January TNT"]
[Site "Winnipeg CAN"]
[Date "2018.01.30"]
[Round "4.8"]
[White "Viznytsya, Yevhen"]
[Black "Furda, Ievgeniia-Diana"]
[Result "0-1"]
[WhiteElo "1613"]
[BlackElo "1597"]
[PlyCount "47"]
[EventDate "2018.01.09"]
[EventType "swiss"]
[EventRounds "4"]
[EventCountry "CAN"]

1. d4 Nf6 2. Nf3 g6 3. c4 Bg7 4. e3 d6 5. Nc3 O-O 6. Bd3 Nbd7 7. Qc2 e5 8. d5
Nc5 9. b4 Nxd3+ 10. Qxd3 e4 11. Qd2 exf3 12. gxf3 c6 13. h4 h5 14. Bb2 cxd5 15.
Nxd5 Nxd5 16. Bxg7 Kxg7 17. Qxd5 Qf6 18. Rd1 Qc3+ 19. Qd2 Qxc4 20. Rg1 Be6 21.
Rxg6+ fxg6 22. Qxd6 Qc3+ 23. Ke2 Qf6 24. Rd2 0-1

[Event "January TNT"]
[Site "Winnipeg CAN"]
[Date "2018.01.30"]
[Round "4.9"]
[White "Wirtzfeld, Ryan"]
[Black "Piche, Zachary"]
[Result "0-1"]
[WhiteElo "1334"]
[BlackElo "1344"]
[PlyCount "30"]
[EventDate "2018.01.09"]
[EventType "swiss"]
[EventRounds "4"]
[EventCountry "CAN"]

1. c4 c5 2. g3 g6 3. Bg2 Bg7 4. Nc3 Nc6 5. e4 d6 6. Nge2 Nf6 7. d3 O-O 8. O-O
a6 9. Be3 Ng4 10. h3 Nxe3 11. fxe3 Rb8 12. Qd2 b5 13. Rab1 Be6 14. b3 Qa5 15.
Rbc1 Bh6 0-1

[Event "Jeudi 1"]
[Site "Ste-Foy CAN"]
[Date "2018.06.14"]
[Round "1"]
[White "Fecteau, Martin"]
[Black "Bolduc, Jacques"]
[Result "1-0"]
[WhiteElo "1965"]
[BlackElo "1453"]
[PlyCount "93"]
[EventDate "2018.06.14"]
[EventType "swiss"]
[EventRounds "5"]
[EventCountry "CAN"]

1. d4 e6 2. c4 Nf6 3. g3 Bb4+ 4. Nd2 d5 5. Bg2 O-O 6. Ngf3 c6 7. O-O Na6 8. Qc2
Bd7 9. e4 dxe4 10. Nxe4 Nxe4 11. Qxe4 Be7 12. Bf4 Nc7 13. Rfd1 Ne8 14. Qc2 Nf6
15. Ne5 Rc8 16. Qe2 h6 17. h4 Re8 18. Rac1 Bf8 19. h5 Qe7 20. g4 Rcd8 21. Bg3
Nh7 22. Be4 f5 23. Bg2 Bc8 24. c5 Qg5 25. f4 Qe7 26. Qf2 fxg4 27. Nxg4 Qf7 28.
Bf3 Be7 29. Ne5 Qf6 30. Ng6 Qf7 31. Ne5 Qf6 32. Kg2 Qf5 33. Ng4 Nf6 34. Ne3 Qh7
35. Kh2 Ne4 36. Qg2 Nxg3 37. Kxg3 Bf6 38. Be4 Qh8 39. Bg6 Re7 40. Qe4 Kf8 41.
Nc4 Qg8 42. Ne5 Bxe5 43. fxe5 Qh8 44. Rf1+ Kg8 45. Rf4 Rf8 46. Rcf1 Rxf4 47.
Qxf4 1-0

[Event "Jeudi 1"]
[Site "Ste-Foy CAN"]
[Date "2018.06.14"]
[Round "1"]
[White "Michaud, Jacques"]
[Black "Auger, Bertrand"]
[Result "0-1"]
[WhiteElo "1593"]
[BlackElo "1956"]
[PlyCount "64"]
[EventDate "2018.06.14"]
[EventType "swiss"]
[EventRounds "5"]
[EventCountry "CAN"]

1. d4 Nf6 2. c4 e6 3. Nc3 Bb4 4. a3 Bxc3+ 5. bxc3 O-O 6. Bg5 c5 7. Qc2 h6 8.
Bh4 Nc6 9. Nf3 cxd4 10. Nxd4 Ne5 11. e4 d5 12. cxd5 exd5 13. Rd1 Ng6 14. Bxf6
Qxf6 15. Be2 Nf4 16. Bf3 Re8 17. O-O dxe4 18. Bxe4 Rb8 19. Rfe1 Bg4 20. f3 Bd7
21. Bh7+ Kh8 22. Be4 Be6 23. Nxe6 Nxe6 24. Qa4 Qxc3 25. Qxa7 Nc5 26. Rc1 Qd4+
27. Kf1 Rbc8 28. Bxb7 Rxe1+ 29. Rxe1 Qd3+ 30. Kg1 Qd4+ 31. Kf1 Qd7 32. Re7 Qxe7
0-1

[Event "Jeudi 1"]
[Site "Ste-Foy CAN"]
[Date "2018.06.14"]
[Round "1"]
[White "Oliver, Vance"]
[Black "Gaulin, Gaetan"]
[Result "0-1"]
[WhiteElo "1491"]
[BlackElo "1928"]
[PlyCount "66"]
[EventDate "2018.06.14"]
[EventType "swiss"]
[EventRounds "5"]
[EventCountry "CAN"]

1. Nf3 Nf6 2. g3 e6 3. c4 d5 4. Bg2 Be7 5. O-O O-O 6. cxd5 exd5 7. d4 Nbd7 8.
Nc3 c6 9. Re1 Bb4 10. Bd2 Re8 11. Qc2 Bxc3 12. bxc3 Ne4 13. Rac1 b5 14. h4 f6
15. Nh2 Nb6 16. Nf1 Bf5 17. Ne3 Bg6 18. Bxe4 Bxe4 19. Qb2 Qd7 20. Kh2 h5 21. f3
Bh7 22. Ra1 Re7 23. Rg1 Rae8 24. Rg2 Rxe3 25. Bxe3 Rxe3 26. Re1 Nc4 27. Qc1 Bf5
28. Reg1 Qe7 29. Qe1 Bd3 30. Qf1 Bxe2 31. Rxe2 Rxe2+ 32. Rg2 Rxg2+ 33. Qxg2 Qe1
0-1

[Event "Jeudi 1"]
[Site "Ste-Foy CAN"]
[Date "2018.06.14"]
[Round "1"]
[White "Sauve, Richard"]
[Black "Bender, Karl"]
[Result "1-0"]
[WhiteElo "1860"]
[BlackElo "1516"]
[PlyCount "48"]
[EventDate "2018.06.14"]
[EventType "swiss"]
[EventRounds "5"]
[EventCountry "CAN"]

1. d4 d5 2. c4 c6 3. e3 Nf6 4. Nc3 g6 5. Nf3 Bg7 6. Bd3 O-O 7. O-O Nbd7 8. Qc2
dxc4 9. Bxc4 Nb6 10. Bd3 Nbd5 11. a3 Nxc3 12. bxc3 Bd7 13. a4 b5 14. Ba3 a5 15.
Rab1 Nd5 16. axb5 cxb5 17. Bxb5 Rc8 18. c4 Bf5 19. e4 Bxe4 20. Qxe4 Nc3 21.
Qxe7 Nxb1 22. Rxb1 Bxd4 23. Qxf8+ Qxf8 24. Bxf8 Bc3 1-0

[Event "Jeudi 1"]
[Site "Ste-Foy CAN"]
[Date "2018.06.21"]
[Round "2"]
[White "Auger, Bertrand"]
[Black "Sauve, Richard"]
[Result "1/2-1/2"]
[WhiteElo "1956"]
[BlackElo "1860"]
[PlyCount "129"]
[EventDate "2018.06.14"]
[EventType "swiss"]
[EventRounds "5"]
[EventCountry "CAN"]

1. Nf3 d5 2. c4 e6 3. g3 c6 4. Bg2 Nf6 5. b3 Nbd7 6. O-O Bd6 7. Ba3 Qe7 8. Qc1
O-O 9. d3 e5 10. Bxd6 Qxd6 11. Qa3 Qe6 12. Nbd2 Re8 13. e4 dxe4 14. Ng5 Qe7 15.
Qxe7 Rxe7 16. Ngxe4 Nxe4 17. Nxe4 Nf8 18. Nd6 Rb8 19. Rae1 Ng6 20. f4 exf4 21.
Rxe7 Nxe7 22. Rxf4 Be6 23. d4 h6 24. g4 b6 25. Nf5 Bxf5 26. gxf5 f6 27. a4 Rd8
28. Kf2 Kf7 29. Kf3 Rd6 30. Kg4 Kf8 31. h4 a5 32. h5 Ke8 33. Kf3 Nc8 34. Ke3
Na7 35. Re4+ Kf7 36. d5 cxd5 37. Rd4 Ke7 38. Bxd5 Nc6 39. Bxc6 Rxc6 40. Re4+
Kf7 41. Kd4 Rd6+ 42. Kc3 Rc6 43. Rd4 Ke7 44. Rd5 Ke8 45. Kd4 Ke7 46. c5 bxc5+
47. Rxc5 Ra6 48. Rc7+ Kd6 49. Rxg7 Rb6 50. Kc3 Ke5 51. Ra7 Rc6+ 52. Kd3 Rc5 53.
Rh7 Kxf5 54. Rxh6 Ke5 55. Rh8 f5 56. h6 Kf6 57. Rg8 Rc7 58. Ra8 Rd7+ 59. Ke3
Rb7 60. Ra6+ Kg5 61. Rxa5 Rxb3+ 62. Kf2 Rb2+ 63. Kf3 Rb3+ 64. Kg2 Rb2+ 65. Kf3
1/2-1/2

[Event "Jeudi 1"]
[Site "Ste-Foy CAN"]
[Date "2018.06.21"]
[Round "2"]
[White "Chabot, Michelin"]
[Black "Cummins, Paul"]
[Result "1-0"]
[WhiteElo "1572"]
[BlackElo "1754"]
[PlyCount "39"]
[EventDate "2018.06.14"]
[EventType "swiss"]
[EventRounds "5"]
[EventCountry "CAN"]

1. d4 Nf6 2. c4 e5 3. e3 exd4 4. exd4 d5 5. Nc3 Be6 6. c5 Be7 7. Bf4 c6 8. h3
Nbd7 9. Nf3 b6 10. b4 bxc5 11. bxc5 Qa5 12. Qd2 O-O 13. Bd3 Rfe8 14. O-O a6 15.
Qc2 Nf8 16. Ne5 Rac8 17. Na4 N6d7 18. Nxd7 Bxd7 19. Nb6 Be6 20. Rfb1 1-0

[Event "Jeudi 1"]
[Site "Ste-Foy CAN"]
[Date "2018.06.21"]
[Round "2"]
[White "Gaulin, Gaetan"]
[Black "Jean, Martin"]
[Result "1-0"]
[WhiteElo "1928"]
[BlackElo "1588"]
[PlyCount "51"]
[EventDate "2018.06.14"]
[EventType "swiss"]
[EventRounds "5"]
[EventCountry "CAN"]

1. Nf3 f5 2. d3 Nf6 3. e4 e6 4. exf5 exf5 5. d4 Be7 6. Bd3 d6 7. O-O O-O 8. Re1
Bd7 9. c4 c5 10. Nc3 Re8 11. d5 Na6 12. a3 Nc7 13. Qc2 g6 14. Bd2 Bf8 15. Rab1
Bg7 16. Bf4 Rxe1+ 17. Rxe1 Qf8 18. h3 Re8 19. Re2 Rxe2 20. Qxe2 h6 21. Bd2 Be8
22. Ne1 Nd7 23. f4 Nf6 24. Nc2 Nh5 25. Qf3 Qf6 26. g4 1-0